1013 1337 1302 1001 1137 1222 1367 1702 1199 1537 1962 1448 1099 1780 1087 1196 1676 1036 1722 1446 1706 1672 1654 1753 1776 1029 1665 1726 1517 1921 1223 1706 1650 1877 1782 1231 1991 1561 1276 1496 1604 1791 1002 1032 1020 1124 1068 1143 1574 1090 1343 1843 1224 1977 1716 1553 1999 1588 1859 1520 1573 1124 1476 1360 1287 1404 1772 1964 1649 1497 1413 1685 1393 1412 1893 1132 1578 1106 1523 1102 1917 1441 1753 1684 1345 1767 1230 1170 1723 1877 1515 1080 1264 1146 1654 1599 1755 1257 1445 BCNSPRNW ULIB Ver.6.0+V

เปลี่ยนเป็นภาษาไทย

Change to English
 แสดงรายละเอียดบรรณานุกรม
  กลับหน้าหลัก

Brief Record : Get Marc (ISO 2709) : E-mail record : QR code < ปิดหน้าต่าง
LEADER : 00000nam 2200000uu 4500
001    13399114543
003     ULIB
008    120412s2552||||th 000 0 tha d
020    ^a9786117123160
090    ^aนว.^bห366ศ 2552
100 0  ^aหวานตา
245 00 ^aศิริลักษมีดารานางผู้เป็นที่รัก/^cหวานตา
250    ^aพิมพ์ครั้งที่ 1
260    ^aกรุงเทพฯ :^bกรีนมายด์,^c2552
300    ^a266 หน้า
945    ^p199^l0^i16093
995    ^aกัณชพร
999    ^aใช้งานได้ทุกระบบ
รายการนี้ยังไม่มีแท็ก
คุณยังไม่ได้ล็อกอิน คุณสามารถมีกิจกรรมร่วมกับเว็บไซต์ได้ แต่ต้องล็อกอินก่อน ::
  ล็อกอิน

รายการสื่อสารสนเทศ

ลำดับที่ ประเภท เลขเรียก/บาร์โค้ด สถานที่ สถานะ
1. วิทยาศาสตร์การแพทย์ และสุขภาพ
วิทยาศาสตร์การแพทย์ และสุขภาพ
นว. ห366ศ 2552  
  Barcode: 16093
ห้องสมุดวิทยาเขตสวรรค์ประชารักษ์
►นวนิยาย
บนชั้น
  ขอยืม

BibComment


ยังไม่เคยถูกคอมเมนท์

คอมเมนท์ทรัพยากรรายการนี้
  คอมเมนท์: ศิริลักษมีดารานา..


 Copyright 2026. Bcnsprnw @Library